00369nam a2200157Ia 45000010006000000050017000060080041000230410008000640820016000721000030000882450040001182600009001583000028001676500008001956540008002031782620260306171545.0260306s9999||||xx |||||||||||||| ||und|| aESP a658.3bA43A aAlles, Martha AliciaeAUT 0aCómo ser un buen jefe en 12 pasos c2008 a130 páginas :c23 cm. aGEN aCAN